Sea microbes
Αποθηκεύτηκε σε:
| Κύριος συγγραφέας: | |
|---|---|
| Μορφή: | Βιβλίο |
| Γλώσσα: | English |
| Δημοσίευση: |
New York :
Oxford University Press,
1979
|
| Θέματα: | |
| Ετικέτες: |
Προσθήκη ετικέτας
Δεν υπάρχουν, Καταχωρήστε ετικέτα πρώτοι!
|
MARC
| LEADER | 00000nam a2200000 i 4500 | ||
|---|---|---|---|
| 001 | 1/5935 | ||
| 008 | 960619s1979 eng d | ||
| 020 | |a 0-19-502419-2 | ||
| 035 | |l 10016180 | ||
| 040 | |a GR-MY-UA |b gre |e aacr | ||
| 041 | 0 | |a eng | |
| 082 | 0 | |a 576.192 | |
| 100 | 1 | |a Sieburth, John McNeill. | |
| 245 | 1 | 0 | |a Sea microbes / |c John McNeil Sieburth |
| 260 | |a New York : |b Oxford University Press, |c 1979 | ||
| 300 | |a 491 p. |b ill.; tables; fig. | ||
| 504 | |a Includes bibliographical references and index. | ||
| 650 | 0 | 0 | |a Marine microbiology. |
| 852 | |a INST |b LESVOS |e 19960619 |h 576.192 SIE |p 005100005612 |q 005100005612 |t BK |y 0 | ||
| 909 | |a Λ |b 015199 | ||